000 00984nac a2200289 i 4500
003 EG-GICUC
005 20260121101530.0
008 251221b19-- ua ||||fr|||| 00| 0 fre d
040 _aEG-GiCUC
_beng
_cEG-GiCUC
_dEG-GiCUC
_erda
082 0 4 _221
_a343
092 0 4 _221
099 _aLaw 10 [19--]
100 1 _aBelal, Ahmed Awad.
245 1 0 _aCours élémentaire de droit pénal géneral /
_cpréparé par Dr. Ahmed Awad Belal.
246 1 _aدروس أولية فى القسم العام من قانون العقوبات
264 _aCairo :
_bDar El Nahda El Arabia,
_c[19--].
300 _a101 pages ;
_c25 cm
336 _2rda content
_atext
337 _2rda media
_aComputer
338 _2rda carrier
_aOnline Resource
500 _a(avec la traduction en Arabe) مع الترجمة العربية
504 _a\
650 1 0 _aCriminal law
_zEgypt
856 4 0 _uhttps://fll.law.cu.edu.eg/fulltext/bks/ENGB10-00065.pdf
905 _a10
942 _2ddc
_cBK
_e21
_n0
999 _c52064
_d52064